Score 0/10 Timer 05:00
0 Plays Today
Question Answer Wrong Answers
Photo negatives on chipboards, blue tissue Series 14
81.3%
Series 17
6.3%
Series 23
12.5%
Series 18
0%
White coffin Nohell
81.3%
Series 4
6.3%
Series 19
12.5%
Jeepers
0%
Coffin-shaped window box Resurrection Cuddles
75%
Edgar Allan Poe and Annabel Lee
6.3%
Resurrection VIII
12.5%
Psycho Billies
0%
Rough wooden coffin design Series 20
75%
Captain Bonney
12.5%
Series 4
6.3%
Series 5
0%
Opaque plastic lids, chipboards on outside Resurrection X
68.8%
Series 31
6.3%
Series 29
6.3%
Series 14
6.3%
First series with different packaging Series 5
68.8%
Series 8
12.5%
Series 7
12.5%
Series 3
0%
Black tissue, eyes on chipboard Series 31
62.5%
Series 4
6.3%
Series 5
12.5%
Series 18
12.5%
Personalized skulls on chipboards Series 12
62.5%
Series 28
12.5%
Series 13
12.5%
Series 10
6.3%
Chipboards without poems, orange tissue Series 30
62.5%
Series 2
12.5%
Series 15
12.5%
Series 7
0%
Return to original packaging style Series 8
56.3%
Series 33
0%
Series 26
18.8%
Series 19
25%
Remove Ads.
Support Sporcle.
Get the best of Sporcle when you Go Orange. This ad-free experience offers more features, more stats, and more fun while also helping to support Sporcle. Thank you for becoming a member.

You're not logged in!

Compare scores with friends on all Sporcle quizzes.
OR
Log In

Show Comments

Extras

Created Sep 8, 2017ReportNominate
Tags:Toys Quiz, collector, doll, horror

Top Quizzes Today


Score Distribution

Your Account Isn't Verified!

In order to create a playlist on Sporcle, you need to verify the email address you used during registration. Go to your Sporcle Settings to finish the process.

Report this User

Report this user for behavior that violates our Community Guidelines.

Details: